Kehidupan haiwan

Bibliographic Details
Main Author: Lambert, Mark
Other Authors: Wan Patanah Wan Yussoff
Format: Book
Published: Kuala Lumpur : Dewan Bahasa Dan Pustaka , 2001
Series:Buku besar tentang
Subjects:

MARC

LEADER 00000cam a2200000 7i4500
001 0000058607
005 20020719.0
020 |a 983626552X 
090 0 0 |a 591   |b LAM 
100 1 |a Lambert, Mark 
245 1 0 |a Kehidupan haiwan   |c Mark Lambert   |c penterjemah Wan Patanah Wan Yussoff 
260 |a Kuala Lumpur :   |b Dewan Bahasa Dan Pustaka ,   |c 2001 
300 |a 77p. :   |b ill. ;   |c 33cm. 
490 0 |a Buku besar tentang 
500 |a Includes index 
650 0 0 |a Animals   |x Juvenile literature 
700 0 |a Wan Patanah Wan Yussoff 
999 |a 123760   |b BUKU   |c JUNIOR BOOKS   |e PERPUSTAKAAN KOMUNITI PETALING JAYA 
999 |a 123761   |b BUKU   |c JUNIOR BOOKS   |e PERPUSTAKAAN KOMUNITI PETALING JAYA 
999 |a 123762   |b BUKU   |c JUNIOR BOOKS   |e PERPUSTAKAAN KOMUNITI PETALING JAYA